| 000 | 00452nam a2200157 4500 | ||
|---|---|---|---|
| 001 | 132239 | ||
| 003 | ES-MaACL | ||
| 005 | 20230906194132.0 | ||
| 007 | t| | ||
| 008 | 070214s1936 fr r ||||1| fre d | ||
| 100 | 1 |
_aRoland, Marcel. _999124 |
|
| 245 | 1 | 4 |
_aLes bois, les champs et les jardins _b: vie et mort des insectes / _cMarcel Roland. |
| 260 |
_aParis : _bMercure de France, _c1936. |
||
| 300 |
_a300 p. ; _c19 cm. |
||
| 852 |
_aES-MaACL _jA-4528 |
||
| 999 |
_c132239 _d132239 |
||